Statistics for Flag Map of Territories #2

Click here to take the quiz!

General Stats

  • This quiz has been taken 63 times
  • The average score is 12 of 20

Answer Stats

Answer% Correct
Palestine
89%
Åland
86%
Faroe Islands
84%
Guam
82%
Svalbard
82%
Jersey
75%
Falkland Islands
73%
Guernsey
66%
Christmas Island
64%
Norfolk Island
64%
French Guiana
59%
Niue
59%
Easter Island
52%
Bonaire
50%
British Virgin Islands
39%
St Helena
39%
Turks and Caicos Islands
39%
US Virgin Islands
34%
Réunion
32%
St Pierre and Miquelon
25%

Score Distribution

Percentile by Number Answered

Percent of People with Each Score

Your Score History

You have not taken this quiz